População do Distrito de Portalegre por ordem - Statistics

General Stats
  • This quiz has been taken 10 times
  • The average score is 5 of 15
Answer Stats
Hint Answer % Correct
22 340 hab. Portalegre
100%
20 730 hab. Elvas
67%
5 932 hab. Nisa
50%
15 248 hab. Ponte de Sor
50%
8 042 hab. Campo Maior
33%
3 225 hab. Crato
33%
3 394 hab. Gavião
33%
3 044 hab. Alter do Chão
17%
2 789 hab. Arronches
17%
3 812 hab. Avis
17%
3 116 hab. Castelo de Vide
17%
2 858 hab. Fronteira
17%
3 021 hab. Marvão
17%
2 992 hab. Monforte
17%
4 360 hab. Sousel
17%
No matching quizzes found
Score Distribution
Percent of People with Each Score
Percentile by Number Answered
Your Score History
You have not taken this quiz